000 00660nam a2200229Ia 4500
003 OSt
005 20220918185259.0
006 a|||||r|||| 00| 0
007 ta
008 220917b |||||||| |||| 00| 0 eng d
024 _a50,413
037 _cTextual
040 _aARTS
_cARTS
_beng
041 _2eng
_aeng
082 _aP111, K6 (EO)
100 _aBolton W F ed
_956755
245 0 _aEnglish language
_b essays by English and American men of letters , 1490-1839
260 _aCambridge
_bCambridge University Press
_c1966
650 _aLINGUISTICS
942 _hP111, K6 (EO)
_cTEXL
_2CC
999 _c180009
_d180009